000
00317nam a22001457a 4500
008
210312b ||||| |||| 00| 0 eng d
020
_a
0808917404
041
_a
eng
080
_a
618
082
_a
618
100
_a
10
101
_a
GJIN
245
_a
Handbook of Office Gynecology
_c
Martin,L.P
942
_2
udc
_c
BK
999
_c
56581
_d
56581